Central Library OPAC University of Rajshahi

Operational research '72 : (Record no. 67274)

MARC details
000 -LEADER
fixed length control field 01091nam a2200265 a 4500
001 - CONTROL NUMBER
control field 67274
003 - CONTROL NUMBER IDENTIFIER
rucl marc code BD-RjUL
005 - DATE AND TIME OF LATEST TRANSACTION
control field 20211209081631.0
008 - FIXED-LENGTH DATA ELEMENTS--GENERAL INFORMATION
fixed length control field 170323s1973 ne a b 101 0 eng
020 ## - INTERNATIONAL STANDARD BOOK NUMBER
International Standard Book Number 0444105123
International Standard Book Number 0720420814
035 ## - SYSTEM CONTROL NUMBER
System control number (BD-RjUL)67405
040 ## - CATALOGING SOURCE
Original cataloging agency LC
Language of cataloging eng
Transcribing agency LC
Modifying agency BD-RjUL
041 0# - LANGUAGE CODE
Language code of text/sound track or separate title engfre
082 04 - DEWEY DECIMAL CLASSIFICATION NUMBER
Classification number 658.4034
Edition number 23
Author mark and year OPE 1973
245 10 - TITLE STATEMENT
Title Operational research '72 :
Remainder of title proceedings of the 6th IFORS International Conference on Operational Research, Dublin, Ireland, August 21-25, 1972= Actes de la sixieme IFORS Conference internationale de recherche operationnelle, Dublin, Irlande, 21-25 aout, 1972 /
Statement of responsibility, etc. edited by Miceal Ross.
260 ## - PUBLICATION, DISTRIBUTION, ETC. (IMPRINT)
Place of publication, distribution, etc. Amsterdam :
Name of publisher, distributor, etc. North-Holland Pub. Co. ;
Place of publication, distribution, etc. New York :
Name of publisher, distributor, etc. American Elsevier Pub. Co.,
Date of publication, distribution, etc. 1973.
300 ## - PHYSICAL DESCRIPTION
Pagination xx, 732 p. ;
Size 23 cm.
500 ## - GENERAL NOTE
General note English and French.
504 ## - BIBLIOGRAPHY, ETC. NOTE
Bibliography, etc Includes bibliographical references.
650 #0 - SUBJECT ADDED ENTRY--TOPICAL TERM
Topical term or geographic name as entry element Operations research
General subdivision Congresses.
9 (RLIN) 199329
700 1# - ADDED ENTRY--PERSONAL NAME
Personal name Ross, Miceal.
710 2# - ADDED ENTRY--CORPORATE NAME
Corporate name or jurisdiction name as entry element International Federation of Operational Research Societies.
9 (RLIN) 199331
942 ## - ADDED ENTRY ELEMENTS (KOHA)
Source of classification or shelving scheme Dewey Decimal Classification
Koha item type Books
Holdings
Lost status Source of classification or shelving scheme Damaged status Not for loan Collection code Permanent Location Current Location Shelving location Date acquired Source of acquisition Total Checkouts Full call number Date last seen Copy number Koha item type
  Dewey Decimal Classification   Not For Loan Non-fiction Central Library, University of Rajshahi Central Library, University of Rajshahi Reading Room 17/04/1979 Netharland   658.4034 OPE 1973 23/03/2017 C-1 Books